Performance of partially sighted with Randsight I equipped with an X-Y platform /

Bibliographic Details
Main Author: Genensky, S. M. (Samuel M.)
Corporate Author: Rand Corporation
Other Authors: Moshin, Hubert L., Petersen, Harold E.
Format: Book
Language:English
Published: [Santa Monica, Calif.] : [Rand Corporation], [1973]
Subjects:

MARC

Tag First Indicator Second Indicator Subfields
LEADER 00000cam a2200000 i 4500
001 in00001106713
005 20150930061154.0
008 790720s1973 cau o000 0 eng d
035 |a (OCoLC)05192816 
035 |9 AFU8556AM 
040 |a VXP  |c VXP  |d m/c  |d TXA  |d UtOrBLW 
049 |a TXAM 
090 |a AS36  |b .R28 P-4943 
100 1 |a Genensky, S. M.  |q (Samuel M.) 
245 1 0 |a Performance of partially sighted with Randsight I equipped with an X-Y platform /  |c by Samuel M. Genensky, Hubert L. Moshin, Harold E. Petersen. 
264 1 |a [Santa Monica, Calif.] :  |b [Rand Corporation],  |c [1973] 
300 |a 32 pages :  |b illustrations ; 28 cm. 
336 |a text  |b txt  |2 rdacontent 
337 |a unmediated  |b n  |2 rdamedia 
338 |a volume  |b nc  |2 rdacarrier 
500 |a "P-4943."--Cover. 
500 |a "January 1973."--Cover. 
500 |a Erratum slip inserted. 
500 |a Sponsored by the Social and Rehabilitation Service of the U. S. Dept. of Health, Education, and Welfare. 
504 |a Includes bibliographical references. 
650 0 |a Randsight I. 
650 0 |a X-Y platform. 
650 0 |a People with visual disabilities. 
700 1 |a Moshin, Hubert L. 
700 1 |a Petersen, Harold E. 
710 2 |a Rand Corporation. 
999 |a MARS 
999 f f |s 5852326e-2daa-34f5-ba94-6ef4c591c977  |i 3c2de563-cc2f-3e2a-8da4-cb6e92cb938e  |t 0 
952 f f |p ric  |a Texas A&M University  |b Rellis Campus  |c Joint Library Facility  |d Remote Storage  |t 0  |e AS36 .R28 P-4943  |h Library of Congress classification  |i unmediated -- volume  |m A14816916428 
998 f f |a AS36 .R28 P-4943  |t 0  |l Remote Storage